La scienza stupida. La tesi di dottorato di Eva Justin sui "bambini zingari" (Record n. 358782)

Dettagli MARC
000 -LEADER
campo di controllo lung. fissa 00626nam a22002417a 4500
003 - Identificatore del numero di controllo
campo di controllo IT-MiCISF
005 - Data e orario dell'ultima transazione
campo di controllo 20200729195423.0
008 - Elementi di lunghezza fissa--Informazione generale
campo di controllo lung. fissa 200729b ||||| |||| 00| 0 eng d
040 ## - Fonte della catalogazione
Agenzia che fa la trascrizione IT-MiCISF
041 ## - Codice di lingua
Codice di lingua del testo/traccia sonora o titolo separato it
100 ## - Accesso principale -- nome di persona
Nome di persona Piasere Leonardo
9 (RLIN) 58301
210 ## - Titolo abbreviato
Titolo abbreviato Minori giustizia
222 ## - Titolo chiave
Titolo chiave 11212845
245 ## - Formulazione del titolo
Titolo La scienza stupida. La tesi di dottorato di Eva Justin sui "bambini zingari"
260 ## - Pubblicazione, distribuzione, ecc. (stampa)
Data di pubblicazione, distribuzione, ecc. 2019
300 ## - Descrizione fisica
Estensione pp. 5-19
310 ## - Periodicità corrente della pubblicazione
Periodicità corrente della pubblicazione trimestrale
362 ## - Date della pubblicazione e/o designazione sequenziale
Date della pubblicazione e/o designazione sequenziale n. 1
500 ## - Nota generale
Nota generale società, rapporti-sociali, violenza
650 ## - Accesso aggiunto di soggetto--termine topico
Termine topico o nome geografico come accesso società
9 (RLIN) 56109
654 ## - Accesso aggiunto di soggetto--termini topici faccettati
Termine principale articolo
942 ## - Dati aggiuntivi (Koha)
Fonte della classificazione o dello schema di collocazione (segnatura) Dewey Decimal Classification
Tipo copia default (Koha) RIVISTA
Dati di copia
Ritirato (status) Perso (status) Fonte della classificazione o dello schema di collocazione (segnatura) Danneggiato (status) Non per il presito Biblioteca proprietaria Biblioteca in cui si trova Data d'acquisizione Totale prestiti Collocazione Data ultima operazione Prezzo in vigore dal Tipo copia default (Koha)
    Dewey Decimal Classification Buone Condizioni Not For Loan CISF - Milano CISF - Milano 29/07/2020   A05/R055 29/07/2020 29/07/2020 RIVISTA
CREDITS: SOCIETA' SAN PAOLO Via A.Severo, 58 - ROMA (RM) & PERIODICI SAN PAOLO SRL Via Giotto, 36 MILANO & CISF Via Giotto, 36 MILANO & EDIZIONI SAN PAOLO SRL,  Piazza Soncino, 5 CINISELLO BALSAMO (MI) -- ITALY